Biblioteka Instytutu Północnego w Olsztynie

Widok standardowy Widok MARC

Pozycja Personal Name

Liczba rekordów, w których użyto hasła: 1

001 - Numer kontrolny

  • control field: 37979

003 - Identyfikator numeru kontrolnego

  • control field: NUKAT

005 - Data i czas ostatniej modyfikacji

  • control field: 20260312211706.0

008 - Dane kontrolne kodowane (40 znaków)

  • fixed length control field: 991213n||a|znnaabn |a aaa |c

010 ## - Numer kontrolny Biblioteki Kongresu

  • numer kontrolny LC: n 99016292

024 7# - OTHER STANDARD IDENTIFIER

  • Standard number or code: 7390794
  • Source of number or code: viaf

024 7# - OTHER STANDARD IDENTIFIER

  • Standard number or code: 0000000108548714
  • Source of number or code: isni

024 7# - OTHER STANDARD IDENTIFIER

  • Standard number or code: Q264918
  • Source of number or code: wikidata

040 ## - Instytucja sporządzająca rekord

  • inst. przygot. dane do rek. khw: LUBL KUL/IP
  • język haseł przedmiotowych/tezaurus: kaba
  • inst. wprow. rek. khw: LUBL KUL/IP
  • inst. modyf. rek. khw: KR U/aps
  • inst. modyf. rek. khw: WA U/MSZs
  • inst. modyf. rek. khw: KR 295/MAP
  • inst. modyf. rek. khw: WA U/AOL
  • inst. modyf. rek. khw: LUBL M/JK
  • inst. modyf. rek. khw: OLSZT 003/AL
  • inst. modyf. rek. khw: WA U/EL
  • inst. modyf. rek. khw: SAND 001/DR
  • inst. modyf. rek. khw: WA U/JOK
  • inst. modyf. rek. khw: SZCZ U/JS

043 ## - Kod obszaru geograficznego

  • ISO code: FR

046 ## - Special dates

  • Birth date: 1816
  • Death date: 1882

100 1# - Hasło - nazwa osobowa

  • nazwa osobowa w formie ujednoliconej: Gobineau, Arthur de
  • daty biograficzne: (1816-1882).

370 ## - Associated place

  • Country: Francja.
  • Auth control #: http://nukat.edu.pl/aut/s 95010568
  • Source of term: kaba

372 ## - Field of activity

  • Field: Literatura.
  • Auth control #: http://nukat.edu.pl/aut/s 94013138
  • Source of term: kaba

372 ## - Field of activity

  • Field: Dyplomacja.
  • Auth control #: http://nukat.edu.pl/aut/s 97050322
  • Source of term: kaba

372 ## - Field of activity

  • Field: Filozofia.
  • Auth control #: http://nukat.edu.pl/aut/s 94205755
  • Source of term: kaba

374 ## - Occupation

  • Occupation: Pisarze.
  • Auth control #: http://nukat.edu.pl/aut/s 95010876
  • Source of term: kaba

374 ## - Occupation

  • Occupation: Dyplomaci.
  • Auth control #: http://nukat.edu.pl/aut/s 96014837
  • Source of term: kaba

374 ## - Occupation

  • Occupation: Filozofowie.
  • Auth control #: http://nukat.edu.pl/aut/s 96010012
  • Source of term: kaba

375 ## - Gender

  • Gender: 1
  • Source of term: iso5218

377 ## - Assoc lang

  • Lang code: fre

400 1# - Trop zob. - nazwa osobowa

  • nazwa osobowa (nazwisko, imiona): Gobineau.

400 1# - Trop zob. - nazwa osobowa

  • nazwa osobowa (nazwisko, imiona): Gobineau, Joseph Arhur de.

400 1# - Trop zob. - nazwa osobowa

  • nazwa osobowa (nazwisko, imiona): Gobineau, Arthur.

400 1# - Trop zob. - nazwa osobowa

  • nazwa osobowa (nazwisko, imiona): Des Feux, Ariel.

400 0# - Trop zob. - nazwa osobowa

  • nazwa osobowa (nazwisko, imiona): Ariel des Feux.

400 1# - Trop zob. - nazwa osobowa

  • nazwa osobowa (nazwisko, imiona): Gobineau, J.

400 1# - Trop zob. - nazwa osobowa

  • nazwa osobowa (nazwisko, imiona): Gobineau, Arthur von.

400 1# - Trop zob. - nazwa osobowa

  • nazwa osobowa (nazwisko, imiona): Von Gobineau, Arthur.

400 1# - Trop zob. - nazwa osobowa

  • nazwa osobowa (nazwisko, imiona): Gobineau, J. A.

400 1# - Trop zob. - nazwa osobowa

  • nazwa osobowa (nazwisko, imiona): Gobineau, J. A. de.

400 1# - Trop zob. - nazwa osobowa

  • nazwa osobowa (nazwisko, imiona): Gobineau, Comte de.

400 1# - Trop zob. - nazwa osobowa

  • nazwa osobowa (nazwisko, imiona): Gobineau, A.

400 1# - Trop zob. - nazwa osobowa

  • nazwa osobowa (nazwisko, imiona): Gobineau, Cte de.

400 1# - Trop zob. - nazwa osobowa

  • nazwa osobowa (nazwisko, imiona): Gobineau, de.

400 1# - Trop zob. - nazwa osobowa

  • nazwa osobowa (nazwisko, imiona): Grafen Gobineau.

670 ## - Źródło informacji

  • źródło informacji: Le Mouchoir rouge et autres nouvelles / Gobineau. - Paris, 1968.

670 ## - Źródło informacji

  • źródło informacji: BNF-NA

670 ## - Źródło informacji

  • źródło informacji: NEP.-1995

670 ## - Źródło informacji

  • źródło informacji: Kp. Die Renaissance : Savonarola, Cesare Borgia, Julius II, Leo X, Michelangelo : historische Szenen / von Arthur Graf Gobineau. - Leipzig, 1922.

670 ## - Źródło informacji

  • źródło informacji: GBV online

670 ## - Źródło informacji

  • źródło informacji: OPALE online

670 ## - Źródło informacji

  • źródło informacji: Odrodzenie : sceny historyczne / J. Gobieneau. - Warszawa, 1908.

670 ## - Źródło informacji

  • źródło informacji: Die Renaissance / Arthur Graf von Gobineau. - Berlin, 1876.

670 ## - Źródło informacji

  • źródło informacji: Gamber-Ali : (historja perska) / J. A. Gobineau. - Warszawa, [1922].

670 ## - Źródło informacji

  • źródło informacji: Polowanie na karybu i inne wspomnienia z podróży / J. A. de Gobineau. - [Warszawa, 1925].

670 ## - Źródło informacji

  • źródło informacji: La Renaissance / Le Comte de Gobineau. - Paris, 1908.

670 ## - Źródło informacji

  • źródło informacji: Mémoire sur diverses manifestations de la vie individuelle / Cte de Gobineau. - Paris, 1935.

670 ## - Źródło informacji

  • źródło informacji: Kochankowie z Kandaharu ; Dostojny czarodziej / A. Gobineau. - Poznań [etc.], [1924].

670 ## - Źródło informacji

  • źródło informacji: pl.wikipedia, 25.08.2021
  • adres internetowy: https://pl.wikipedia.org/wiki/Arthur_de_Gobineau

670 ## - Źródło informacji

  • źródło informacji: Die Renaissance / vom Grafen Gobineau. - Berlin, [19?].
Biblioteka Instytutu Północnego, ul. Partyzantów 87, 10-402 Olsztyn, email: biblioteka(at)ip.olsztyn.pl